| 000 | 00881nab a2200253 u 4500 | ||
|---|---|---|---|
| 001 | 16005 | ||
| 003 | HDC | ||
| 007 | cr bn ---aaaaa | ||
| 008 | 210220c20120901xx dr|noo 0 a eng d | ||
| 040 | _aHDC | ||
| 100 |
_aNesrine Malik _eauthor _915980 |
||
| 245 | 0 |
_aOpinion: Halal toothpaste, anyone? Religious observance has become a global brand / by _cNesrine Malik |
|
| 260 |
_a[No place] : _b[publisher not identified], _c2012 |
||
| 336 |
_atext _2rdacontent |
||
| 337 |
_acomputer _2rdamedia |
||
| 338 |
_aonline resource _2rdacarrier |
||
| 650 |
_ahalal products _9642 |
||
| 650 |
_aHalal toothpaste _915978 |
||
| 710 | _aHalal Focus | ||
| 856 | _zRequest full-text at [email protected] | ||
| 942 | _2lcc | ||
| 942 | _cNEWS | ||
| 942 | _kNWSO 005623 | ||
| 999 |
_c13321 _d13321 |
||